000 00392nam a2200169Ia 4500
008 210210b1933 xxu||||| |||| 00| 0 eng d
041 _aeng
082 _a829/1140
100 _aTOMLINSON (H M)
245 _aSnows of Helicon
260 _aLondon
_bWilliam Heinemann Ltd.
_c1933
650 _aSnows
650 _aof
650 _aHelicon
690 _aEnglish Fiction
906 _a017752
999 _c137736
_d137736